Republic of Ireland counties-County Donegal - Statistics

General Stats
  • This quiz has been taken 3 times
  • The average score is 3 of 15
Answer Stats
Hint Answer % Correct
Largest town which is not actually the county town, which is Lifford Letterkenny
67%
Northernmost point in Ireland Malin Point
67%
Victorian seaside village with an attractive beach that is a major centre for surfing, owing to its high waves Bundoran
33%
Country and folk singer and philanthropist popular with older women Daniel O'Donnell
33%
Fishing port that is the busiest in the country Killybegs
33%
Remote uninhabited rocky island housing a Tau cross Tory Island
33%
Actor from Moville best known for his roles in Game of Thrones, Zoo and Kubo and the Two Strings Art Parkinson
0%
Scenic mountain pass located in the Blue Stack mountains Barnesmore Gap
0%
Village renowned for its unique dolls Crolly
0%
Extremely popular Celtic singer and musician who is the best selling female Irish artist Enya
0%
With its distinctive pointed cone shape, this 751 metre high mountain is the tallest in the county, domineering over the surrounding landscape Errigal
0%
Rugged peninsula housing an iconic white lighthouse Fanad Peninsula
0%
National park home to a lake, a large population of red deer and a Victorian era Scottish baronial castle Glenveagh
0%
District that is Ireland's largest Gaeltacht by population; it is considered by some to be one of the most densely populated rural areas in Europe Gweedore
0%
Tall, rugged cliffs that peer over and are battered by the mighty Atlantic Ocean Slieve League
0%
No matching quizzes found
Score Distribution
Percent of People with Each Score
Percentile by Number Answered
Your Score History
You have not taken this quiz